[Event "Auckland Anniversary op"]
[White "Chung, Francisco"]
[Black "Le Grange, Rauen"]
[Site "Auckland"]
[Round "5"]
[Result "1/2-1/2"]
[Date "2020.01.27"]
[WhiteElo "1936"]
[BlackElo "1633"]
[PlyCount "84"]
[EventDate "2020.01.25"]
[EventType "swiss"]
[EventRounds "6"]
[EventCountry "NZL"]
[SourceTitle "EXT 2024"]
[Source "ChessBase"]
[SourceDate "2023.10.10"]
[SourceVersion "1"]
[SourceVersionDate "2023.10.10"]
[SourceQuality "1"]

1. Nf3 d5 2. g3 c5 3. Bg2 Nf6 4. 0-0 Nc6 5. d3 e5 6. Nbd2 Be7 7. e4 dxe4 8. dxe4 0-0 9. c3 h6 10. Qe2 Be6 11. Nc4 Qc7 12. Nh4 Rfd8 13. f4 Bg4 14. Bf3 Bxf3 15. Qxf3 b5 16. fxe5 Nxe5 17. Nxe5 Qxe5 18. Nf5 c4 19. Nxe7+ Qxe7 20. Bxh6 Qxe4 21. Be3 Rd3 22. Qxe4 Nxe4 23. Bd4 Nd2 24. Rf4 Nf3+ 25. Kg2 Nxd4 26. Rxd4 Rxd4 27. cxd4 Re8 28. Kf3 Re6 29. d5 Re5 30. Rd1 Kf8 31. Rd4 Ke7 32. d6+ Kd7 33. a4 a6 34. axb5 axb5 35. g4 g5 36. h3 f6 37. Kf2 Re6 38. Rd5 Rxd6 39. Rxb5 Rd2+ 40. Kf3 Rd3+ 41. Kg2 Kc6 42. Rb8 Rb3 1/2-1/2

[Event "Auckland Anniversary op"]
[White "Ha, Huy Minh"]
[Black "Chung, Francisco"]
[Site "Auckland"]
[Round "6"]
[Result "1/2-1/2"]
[Date "2020.01.27"]
[WhiteElo "1675"]
[BlackElo "1936"]
[PlyCount "83"]
[EventDate "2020.01.25"]
[EventType "swiss"]
[EventRounds "6"]
[EventCountry "NZL"]
[SourceTitle "EXT 2024"]
[Source "ChessBase"]
[SourceDate "2023.10.10"]
[SourceVersion "1"]
[SourceVersionDate "2023.10.10"]
[SourceQuality "1"]

1. e4 c5 2. Nc3 a6 3. Nf3 e6 4. g3 Nc6 5. Bg2 Qc7 6. 0-0 Nf6 7. d3 Be7 8. Bf4 d6 9. Bg5 h6 10. Bd2 0-0 11. Nh4 g5 12. Nf3 d5 13. h4 g4 14. Nh2 d4 15. Nxg4 dxc3 16. Bxh6 Ne5 17. Nxf6+ Bxf6 18. f4 Ng6 19. h5 Kh7 20. Bxf8 Nxf8 21. e5 Bg7 22. Be4+ Kh8 23. Kg2 f5 24. Bf3 cxb2 25. Rb1 Bd7 26. Rxb2 Bc6 27. Rh1 Bh6 28. Kf2 Rd8 29. Qe2 b5 30. Rg1 c4 31. Kg2 Qb7 32. Bxc6 Qxc6+ 33. Kh3 cxd3 34. cxd3 Qc3 35. Rb3 Qd4 36. Rc1 Nd7 37. Rbc3 Nb6 38. Rc6 Nd5 39. Qf3 Bxf4 40. gxf4 Nxf4+ 41. Kh2 Qxe5 42. Rc8 1/2-1/2

[Event "Auckland Trusts op 41st"]
[White "Chibnall, Alana"]
[Black "Chung, Francisco"]
[Site "Auckland"]
[Round "4"]
[Result "1-0"]
[Date "2018.06.03"]
[WhiteElo "1981"]
[BlackElo "1944"]
[PlyCount "91"]
[EventDate "2018.06.02"]
[EventType "swiss"]
[EventRounds "6"]
[EventCountry "NZL"]
[SourceTitle "EXT 2019"]
[Source "ChessBase"]
[SourceDate "2018.10.10"]
[SourceVersion "1"]
[SourceVersionDate "2018.10.10"]
[SourceQuality "1"]

1. e4 c5 2. Nf3 a6 3. d4 cxd4 4. Nxd4 e5 5. Nb3 Nf6 6. f3 Nc6 7. Nc3 Bb4 8. Bg5 h6 9. Bh4 g5 10. Bf2 d5 11. Nd2 d4 12. Ncb1 Qa5 13. Bc4 b5 14. Bb3 g4 15. Bh4 Be7 16. Bxf6 Bxf6 17. Bd5 Bd7 18. fxg4 0-0-0 19. 0-0 Bg5 20. Nb3 Be3+ 21. Kh1 Qc7 22. a4 Nb4 23. c3 Nxd5 24. exd5 bxa4 25. N3d2 Bb5 26. c4 Bxc4 27. Nxc4 Qxc4 28. Rxa4 Qxd5 29. Qc2+ Kd7 30. Rxa6 d3 31. Qa4+ Ke7 32. Nc3 Qd4 33. Qb3 Rh7 34. Raf6 Bf4 35. Rf5 f6 36. R1xf4 exf4 37. Nd5+ Kf7 38. Nxf4+ Ke8 39. Qg8+ Kd7 40. Qxh7+ Kc8 41. Ne6 Qd7 42. Rc5+ Kb8 43. Qf5 d2 44. Rb5+ Ka7 45. Qc5+ Ka8 46. Qa3+ 1-0

[Event "Sydney op-A"]
[White "Cheng, Bobby Sky"]
[Black "Chung, Francisco"]
[Site "Parramatta"]
[Round "8"]
[Result "0-1"]
[Date "2008.03.29"]
[WhiteElo "2064"]
[BlackElo "1942"]
[PlyCount "55"]
[EventDate "2008.03.25"]
[EventType "swiss"]
[EventRounds "9"]
[EventCountry "AUS"]
[SourceTitle "EXT 2023"]
[Source "ChessBase"]
[SourceDate "2022.10.05"]
[SourceVersion "1"]
[SourceVersionDate "2022.10.05"]
[SourceQuality "1"]

1. d4 Nf6 2. c4 e6 3. Nf3 c5 4. d5 exd5 5. cxd5 d6 6. Nc3 g6 7. h3 Bg7 8. e4 0-0 9. Bd3 Re8 10. 0-0 a6 11. a4 Nbd7 12. Nd2 Ne5 13. Be2 Rb8 14. f4 Ned7 15. Qc2 Qc7 16. a5 b5 17. axb6 Nxb6 18. Na4 Nbxd5 19. exd5 Rxe2 20. Qd3 Qe7 21. Ra3 Nxd5 22. Nf3 Bb7 23. Bd2 Qe4 24. Rc1 Bd4+ 25. Kh1 Re8 26. Re1 Rxe1+ 27. Nxe1 Nxf4 28. Nc3 0-1

[Event "Sydney op-A"]
[White "Bennett, Hilton Petrie"]
[Black "Chung, Francisco"]
[Site "Parramatta"]
[Round "4"]
[Result "1/2-1/2"]
[Date "2008.03.27"]
[WhiteElo "2094"]
[BlackElo "1942"]
[PlyCount "99"]
[EventDate "2008.03.25"]
[EventType "swiss"]
[EventRounds "9"]
[EventCountry "AUS"]
[SourceTitle "EXT 2023"]
[Source "ChessBase"]
[SourceDate "2022.10.05"]
[SourceVersion "1"]
[SourceVersionDate "2022.10.05"]
[SourceQuality "1"]

1. e4 c5 2. Nc3 g6 3. f4 Bg7 4. Nf3 e6 5. e5 Ne7 6. Ne4 0-0 7. Nxc5 d6 8. exd6 Qxd6 9. d4 b6 10. Nb3 Bb7 11. c3 a5 12. a4 Nd7 13. Be2 Bh6 14. g3 Qd5 15. 0-0 Nf5 16. g4 Nd6 17. Be3 Rac8 18. Nbd2 Rfe8 19. Qb3 Qc6 20. Bb5 Qc7 21. c4 Red8 22. Ne5 Nxe5 23. fxe5 Bxe3+ 24. Qxe3 Nxb5 25. axb5 Kg7 26. h4 Qe7 27. Rf6 h6 28. Raf1 Rf8 29. b3 Qd7 30. Ne4 Bxe4 31. Qxe4 Rcd8 32. Rd1 Qc7 33. Qe2 Rd7 34. d5 Qc5+ 35. Kh2 exd5 36. Rc6 Qe7 37. Rxd5 Qxh4+ 38. Kg2 Rb7 39. Rdd6 Rfb8 40. Qe4 Qg5 41. e6 f5 42. Qd4+ Kg8 43. Rd7 Qxg4+ 44. Qxg4 fxg4 45. Rcc7 Rxc7 46. Rxc7 h5 47. Rd7 Kf8 48. Rf7+ Kg8 49. Rd7 Kf8 50. Rf7+ 1/2-1/2

[Event "Doeberl Cup 46th"]
[White "Chung, Francisco"]
[Black "Illingworth, Max"]
[Site "Canberra"]
[Round "4"]
[Result "1-0"]
[Date "2008.03.21"]
[WhiteElo "1942"]
[BlackElo "2152"]
[PlyCount "127"]
[EventDate "2008.03.20"]
[EventType "swiss"]
[EventRounds "9"]
[EventCountry "AUS"]
[SourceTitle "CBM 123 Extra"]
[Source "ChessBase"]
[SourceDate "2008.05.06"]
[SourceVersion "1"]
[SourceVersionDate "2008.05.06"]
[SourceQuality "1"]

1. d4 Nf6 2. Nf3 e6 3. Bf4 c5 4. e3 b6 5. c3 Bb7 6. Nbd2 cxd4 7. exd4 Be7 8. Qc2 Nc6 9. Be2 0-0 10. 0-0-0 a6 11. h4 Nd5 12. Be3 b5 13. h5 f5 14. Nb3 Nxe3 15. fxe3 Qb6 16. Kb1 d5 17. h6 g6 18. Ne1 Nb8 19. Nd3 Nd7 20. Bf3 a5 21. Nf4 g5 22. Nh5 g4 23. Qf2 gxf3 24. Qg3+ Kf7 25. Qg7+ Ke8 26. gxf3 Nf6 27. Nxf6+ Bxf6 28. Qxh7 Rh8 29. Qg6+ Ke7 30. h7 Bc6 31. Rh6 Raf8 32. Nc5 Qd8 33. e4 dxe4 34. fxe4 fxe4 35. Rf1 Be8 36. Qxe4 Qd5 37. Qg4 Bg5 38. Rxe6+ Kd8 39. Rxf8 Qh1+ 40. Kc2 Qxh7+ 41. Kb3 Rxf8 42. Qxg5+ Kc8 43. Qd5 Qc7 44. Qa8+ Qb8 45. Qa6+ Kd8 46. Qxa5+ Kc8 47. Qa6+ Kd8 48. Qd6+ Qxd6 49. Rxd6+ Ke7 50. Re6+ Kd8 51. Re2 Rf3 52. Kb4 Bc6 53. b3 Rf1 54. c4 bxc4 55. bxc4 Rb1+ 56. Nb3 Bd7 57. d5 Kc7 58. Kc5 Rd1 59. Re7 Kd8 60. Kd6 Bf5 61. Rf7 Bg6 62. Rf6 Bh5 63. Rf8+ Be8 64. Nc5 1-0

[Event "Doeberl Cup 46th"]
[White "Kempen, Leon JP"]
[Black "Chung, Francisco"]
[Site "Canberra"]
[Round "3"]
[Result "1/2-1/2"]
[Date "2008.03.21"]
[WhiteElo "2142"]
[BlackElo "1942"]
[PlyCount "69"]
[EventDate "2008.03.20"]
[EventType "swiss"]
[EventRounds "9"]
[EventCountry "AUS"]
[SourceTitle "CBM 123 Extra"]
[Source "ChessBase"]
[SourceDate "2008.05.06"]
[SourceVersion "1"]
[SourceVersionDate "2008.05.06"]
[SourceQuality "1"]

1. e4 c5 2. Nf3 e6 3. Nc3 a6 4. d4 cxd4 5. Nxd4 Qc7 6. Bd3 Nc6 7. Nxc6 dxc6 8. Be3 Nf6 9. f4 Bb4 10. 0-0 Bxc3 11. bxc3 h5 12. Kh1 h4 13. e5 Nd5 14. Bd2 c5 15. c4 Ne7 16. Qf3 Bd7 17. Be4 Bc6 18. Bxc6+ Qxc6 19. Rab1 0-0-0 20. Be3 h3 21. a3 Qxf3 22. Rxf3 Nf5 23. Bxc5 Rd2 24. Rd3 Rd8 25. Rxd8+ Kxd8 26. Bg1 Kc7 27. Rb3 Nd4 28. Rd3 Rxd3 29. cxd3 Ne2 30. d4 Kc6 31. a4 b5 32. axb5+ axb5 33. cxb5+ Kxb5 34. Be3 Kc4 35. Bg1 1/2-1/2

[Event "Doeberl Cup 46th"]
[White "Broekhuijse, Paul"]
[Black "Chung, Francisco"]
[Site "Canberra"]
[Round "2"]
[Result "1-0"]
[Date "2008.03.20"]
[WhiteElo "2130"]
[BlackElo "1942"]
[PlyCount "65"]
[EventDate "2008.03.20"]
[EventType "swiss"]
[EventRounds "9"]
[EventCountry "AUS"]
[SourceTitle "CBM 123 Extra"]
[Source "ChessBase"]
[SourceDate "2008.05.06"]
[SourceVersion "1"]
[SourceVersionDate "2008.05.06"]
[SourceQuality "1"]

1. d4 Nf6 2. c4 e6 3. Nf3 c5 4. e3 d5 5. Nc3 Nc6 6. Be2 Be7 7. 0-0 0-0 8. a3 b6 9. cxd5 exd5 10. Ne5 Bb7 11. Qa4 Nxe5 12. dxe5 Nd7 13. f4 c4 14. Kh1 Nc5 15. Qd1 Rc8 16. Bg4 Nd3 17. Bxc8 Qxc8 18. f5 Qc6 19. e4 dxe4 20. f6 gxf6 21. Bh6 f5 22. Bxf8 Bxf8 23. Rxf5 Qg6 24. Qh5 Qxh5 25. Rxh5 Bc5 26. h3 Bd4 27. e6 fxe6 28. Rf1 Nf2+ 29. Kh2 e3 30. Rh4 e5 31. Kg3 e4 32. Rh5 Bg7 33. Rf5 1-0

[Event "Doeberl Cup 46th"]
[White "Chung, Francisco"]
[Black "Steadman, Michael VR"]
[Site "Canberra"]
[Round "1"]
[Result "0-1"]
[Date "2008.03.20"]
[WhiteElo "1942"]
[BlackElo "2238"]
[PlyCount "40"]
[EventDate "2008.03.20"]
[EventType "swiss"]
[EventRounds "9"]
[EventCountry "AUS"]
[SourceTitle "CBM 123 Extra"]
[Source "ChessBase"]
[SourceDate "2008.05.06"]
[SourceVersion "1"]
[SourceVersionDate "2008.05.06"]
[SourceQuality "1"]

1. c4 e6 2. g3 f5 3. Bg2 Nf6 4. e3 c6 5. Ne2 d5 6. Qc2 Bd6 7. d4 0-0 8. c5 Bc7 9. f4 b6 10. b4 a5 11. cxb6 Bxb6 12. bxa5 Bxa5+ 13. Bd2 Ba6 14. Nbc3 Nbd7 15. Bf3 c5 16. Kf2 Rc8 17. Qb2 Nb6 18. a4 Nc4 19. Qa2 Nxd2 20. Qxd2 Bxe2 0-1